<?xml version="1.0" encoding="UTF-8"?><?xml-stylesheet type="text/xsl" href="static/style.xsl"?><OAI-PMH xmlns="http://www.openarchives.org/OAI/2.0/" xmlns:xsi="http://www.w3.org/2001/XMLSchema-instance" xsi:schemaLocation="http://www.openarchives.org/OAI/2.0/ http://www.openarchives.org/OAI/2.0/OAI-PMH.xsd"><responseDate>2026-04-13T01:56:09Z</responseDate><request verb="GetRecord" identifier="oai:www.recercat.cat:10230/71134" metadataPrefix="marc">https://recercat.cat/oai/request</request><GetRecord><record><header><identifier>oai:recercat.cat:10230/71134</identifier><datestamp>2025-09-09T21:41:54Z</datestamp><setSpec>com_2072_6</setSpec><setSpec>col_2072_452952</setSpec></header><metadata><record xmlns="http://www.loc.gov/MARC21/slim" xmlns:dcterms="http://purl.org/dc/terms/" xmlns:xsi="http://www.w3.org/2001/XMLSchema-instance" xmlns:doc="http://www.lyncode.com/xoai" xsi:schemaLocation="http://www.loc.gov/MARC21/slim http://www.loc.gov/standards/marcxml/schema/MARC21slim.xsd">
   <leader>00925njm 22002777a 4500</leader>
   <datafield ind2=" " ind1=" " tag="042">
      <subfield code="a">dc</subfield>
   </datafield>
   <datafield ind2=" " ind1=" " tag="720">
      <subfield code="a">Huang, Shanshan</subfield>
      <subfield code="e">author</subfield>
   </datafield>
   <datafield ind2=" " ind1=" " tag="720">
      <subfield code="a">Cassany, Daniel</subfield>
      <subfield code="e">author</subfield>
   </datafield>
   <datafield ind2=" " ind1=" " tag="260">
      <subfield code="c">2025-09-08T07:12:49Z</subfield>
   </datafield>
   <datafield ind2=" " ind1=" " tag="260">
      <subfield code="c">2025-09-08T07:12:49Z</subfield>
   </datafield>
   <datafield ind2=" " ind1=" " tag="260">
      <subfield code="c">2025</subfield>
   </datafield>
   <datafield ind2=" " ind1=" " tag="520">
      <subfield code="a">Data de publicació electrònica: 08-04-2025</subfield>
   </datafield>
   <datafield ind2=" " ind1=" " tag="520">
      <subfield code="a">This study investigated how ten Chinese university students interacted with ChatGPT to facilitate their acquisition of Spanish as a second language. In a semi-informal educational setting, 370 ChatGPT prompts authored by the students and the AI-generated responses they yielded were collected over the course of one week. Secondary data sources included questionnaires and learning diaries. Findings revealed that students primarily sought assistance from ChatGPT with vocabulary acquisition, reading comprehension, and written expression, with fewer prompts focused on grammar or oral communication. The prompts showed significant variation in length, language preference, and pattern, though only a small portion involved more than a single prompt-response interaction. This trend suggests a largely task-oriented use of ChatGPT, with limited reflective engagement. This study points to the teacher ↔ AI ↔ learner relationship as a new dimension of interaction and offers practical recommendations for educators in AI-assisted language learning. Key suggestions include fostering students’ self-directed learning abilities and encouraging more reflective and systematic learning approaches.</subfield>
   </datafield>
   <datafield ind2=" " ind1=" " tag="520">
      <subfield code="a">This research was funded by the doctoral scholarship from the first co-author (2024 FI-1-00688, Government of Catalonia), the competitive research project coordinated by the second co-author (OralGrab. Recording videos and audios for teaching-learning, PID2022-141511NB-100, Spanish Ministry of Science and Innovation), and the funds from GRAEL (Group for Language Learning and Teaching Research) (2021 SGR 471, AGAUR, Government of Catalonia, Spain).</subfield>
   </datafield>
   <datafield ind1="8" ind2=" " tag="024">
      <subfield code="a">http://hdl.handle.net/10230/71134</subfield>
   </datafield>
   <datafield tag="653" ind2=" " ind1=" ">
      <subfield code="a">AI-assisted language learning</subfield>
   </datafield>
   <datafield tag="653" ind2=" " ind1=" ">
      <subfield code="a">Spanish as a second language (L2)</subfield>
   </datafield>
   <datafield tag="653" ind2=" " ind1=" ">
      <subfield code="a">AI-learner interaction</subfield>
   </datafield>
   <datafield tag="653" ind2=" " ind1=" ">
      <subfield code="a">ChatGPT</subfield>
   </datafield>
   <datafield ind2="0" ind1="0" tag="245">
      <subfield code="a">Spanish language learning in the AI era: AI as a scaffolding tool</subfield>
   </datafield>
</record></metadata></record></GetRecord></OAI-PMH>